000 02499nam0a2200373 4500
001 RU\NLR\BIBL_A\022273344
005 20260420011838.0
010 _a978-5-907770-31-7
_9300
021 _aRU
_bКН-П-24-029584
_9КН-П-24-3007
035 _a(NLR Aleph) 022273344
090 _a13660255
_c13660255
100 _a20240708d2023 u y0rusy50 ca
101 0 _arus
102 _aRU
105 _ay j 000yy
181 0 _ai4
_baxxe
182 0 _an
200 1 _aПрофилактика и лечение острых респираторных инфекций у детей
_eучебное пособие
_eдля врачей-педиатров, терапевтов, клинических фармакологов и врачей других специальностей
_fМ. Л. Максимов, С. В. Николаева, Е. В. Каннер [и др.]
_gредактор - доктор медицинских наук, профессор М. Л. максисов
_gФГБОУ ДПО РМАНПО Минздрава России, Казанская государственная медицинская академия - филиал ФГБОУ ДПО РМАНПО Минздрава России [и др.]
203 _aТекст
_bвизуальный
_cнепосредственный
210 _aКазань
_cМеДДоК
_d2023
215 _a67 с.
_d21
300 _aНа с. 67 авт.: Максимов М. Л. - д-р мед. наук, проф., Николаева С. В. - д-р мед. наук, Каннер Е. В. - д-р мед. наук [и др.]
320 _aБиблиогр.: с. 63-66 (34 назв.)
606 1 _aРеспираторные вирусные болезни детей
_jУчебные издания
_92320330
_3RU\NLR\AUTH\661388170
606 1 _aРеспираторные болезни детей
_jУчебные издания
_92168849
_3RU\NLR\AUTH\661304783
686 1 _aР733.514.31я7
686 1 _aР733.412я7
701 1 _7ca
_8rus
_aМаксимов
_bМ. Л.
_cд-р мед. наук
_f1977-
_gМаксим Леонидович
_9108216
_3RU\NLR\AUTH\77125291
701 1 _aНиколаева
_bС. В.
_cд-р мед. наук, эпидемиология
_gСветлана Викторовна
_9258955
_3RU\NLR\AUTH\770259011
701 1 _aКаннер
_bЕ. В.
_gЕкатерина Валерьевна
942 _cBOOK
980 _aNB